How To Teach English Linguistic Borrowings in Slovak: A Methodological Treatise

Návrh štruktúrovaného pedagogického prístupu k výučbe anglických prevzatých slov v slovenčine, založenom na jazykovom povedomí, interkultúrnej kompetencii a komunikačnej metodike. Vychádzajúc z poznatkov z pedagogiky učiteľov angličtiny, ktorá kladie dôraz na jazykovú, interkultúrnu a metodologickú...

Ausführliche Beschreibung

Gespeichert in:
Bibliographische Detailangaben
1. Verfasser: Mandáková, Alexandra, 1980-
Format: Buchkapitel
Sprache:Englisch
Schlagworte:
Tags: Tag hinzufügen
Keine Tags, Fügen Sie das erste Tag hinzu!

MARC

LEADER 00000naa$a2200000$$$4500
001 0314115
005 20260116122659.8
041 0 |a eng 
044 |a CZ 
245 1 0 |a How To Teach English Linguistic Borrowings in Slovak: A Methodological Treatise  |c Alexandra Mandáková 
520 |a Návrh štruktúrovaného pedagogického prístupu k výučbe anglických prevzatých slov v slovenčine, založenom na jazykovom povedomí, interkultúrnej kompetencii a komunikačnej metodike. Vychádzajúc z poznatkov z pedagogiky učiteľov angličtiny, ktorá kladie dôraz na jazykovú, interkultúrnu a metodologickú prípravu, náčrt praktických stratégií pre vyučovanie, ukážkových cvičení a odporúčania pre integráciu prevzatých slov do vyučovania. Cieľom je, aby študenti pochopili pôvod, adaptačné procesy, významy a kontexty používania anglických prevzatých slov v slovenčine a posilnilo to ich celkové jazykové povedomie a komunikačnú kompetenciu. 
610 2 0 |a angličtina 
610 2 0 |a jazyky cudzie 
610 2 0 |a slovenčina 
610 2 0 |a filológia 
610 2 0 |a pedagogika 
610 2 0 |a kompetencie interkultúrne 
610 2 0 |a Slovensko 
610 2 0 |a adaptácia 
610 2 0 |a slovníky 
610 2 0 |a slovotvorba 
100 1 |a Mandáková, Alexandra, 1980-